Normal view
MARC view
- INDUSTRIAL BUILDING POWER SUPPLY ELECTRIC POWER SYSTEM PROTECTION
Entry Topical Term
001 - CONTROL NUMBER
- control field: 74406
003 - CONTROL NUMBER IDENTIFIER
- control field: NUST
005 - DATE AND TIME OF LATEST TRANSACTION
- control field: 20210628205213.0
008 - FIXED-LENGTH DATA ELEMENTS
- fixed length control field: 210628|| aca||aabn | a|a d
040 ## - CATALOGING SOURCE
- Original cataloging agency: NUST
- Transcribing agency: NUST
150 ## - HEADING--TOPICAL TERM
- Topical term or geographic name entry element: INDUSTRIAL BUILDING POWER SUPPLY ELECTRIC POWER SYSTEM PROTECTION
670 ## - SOURCE DATA FOUND
- Source citation: Work cat.: (NUST): Davies, T 74405, Protection of industrial power system, 1996
